000 00891nam a2200241 a 4500
001 000020772
005 20250401130908.0
008 100817s2004 xxua 000 0 spa d
020 _a8484762084
040 _aDO-SdBNP
_bspa
_cBNPHU
082 _a303.44
_bP964i, 2004
110 2 _aPrograma de las Naciones Unidas para el Desarrollo
_9187
245 1 0 _aInforme sobre desarrollo humano 2004 :
_bla libertad cultural en el mundo diverso de hoy.
246 2 3 _aLa libertad cultural en el mundo diverso de hoy.
260 _aNew York :
_bPrograma de las Naciones Unidas para el Desarrollo:
_bGrupo Mundi-Prensa,
_c2004.
300 _axiv, 285 p. :
_bgráf. ;
_c28 cm.
650 4 _aDesarrollo humano
_9213
650 0 _aIdentidad colectiva
_91723
650 4 _aDerechos culturales
_910362
650 0 _aDerechos humanos
_9658
910 _aValidado. Control de calidad BNPHU
049 _aBNPD
999 _c20276
_d20276